000 00933nam a2200229Ia 4500
999 _c4639
_d4639
003 OSt
005 20200515234254.0
008 191128s2006 ck a gr 000 0 spa d
020 _a9789586441124
040 _aCO-JMCR
_cCO-JMCR
041 0 _aspa
082 0 4 _a330 /
_bC822d
_223
100 1 _aCoronado Delgado, Sergio,
_eautor
_94457
245 1 0 _aDerecho al trabajo /
_cSergio Coronado Delgado
260 _aBogotá :
_bCinep,
_c2006
300 _a113 páginas :
_bilustraciones a blanco y negro ;
_c22 cm.
504 _aBibliografía : páginas 110-112
505 0 _aFundamentación del derecho al trabajo -- ¿Qué quiere decir tener derecho al trabajo? -- Marco normativo del derecho al trabajo -- Análisis de la política pública existente y reflexión histórica frente a la garantía del derecho
650 1 4 _aDerecho laboral
_zColombia
_94458
650 1 4 _aNormatividad laboral
_zColombia
_94459
942 _2ddc
_cBK